🎶Paroles "J'veux plus mentir" Mathilde - Statistiques

Statistiques générales
  • Ce quiz a Ă©tĂ© pris 3 fois
  • Le rĂ©sultat moyen est 174 sur 380
Statistiques - réponses
Mots % Correct
en
100%
j'
100%
J'
100%
Je
100%
je
100%
M'
100%
m'
100%
Me
100%
me
100%
mentir!
100%
Mentir ?
100%
Mentir
100%
mentir ?
100%
mentir !
100%
mentir
100%
n'
100%
plus
100%
Plus
100%
suis
100%
t'
100%
veux
100%
Ă 
50%
a
50%
ai
50%
au
50%
aux
50%
belle
50%
bras
50%
bras ?
50%
C'
50%
c'
50%
cils
50%
d'
50%
dans
50%
de
50%
des
50%
du
50%
est
50%
Et
50%
et
50%
ĂŞtre
50%
ĂŠtre
50%
fini
50%
fini.
50%
Fini!
50%
fini!
50%
gras
50%
il
50%
jamais
50%
jambes
50%
jusqu'
50%
Jusqu'
50%
la
50%
La
50%
le
50%
Les
50%
les
50%
longs
50%
mes
50%
Mes
50%
meuf
50%
Mon
50%
mon
50%
ne
50%
Ne
50%
Non,
50%
oblige
50%
os
50%
pas
50%
peau
50%
plat
50%
poils
50%
Pour
50%
pour
50%
Pourquoi
50%
Pousse
50%
pubis
50%
Qu'
50%
qu'
50%
que
50%
Que
50%
qui
50%
quoi ?
50%
quoi,
50%
sans
50%
Sans
50%
sont
50%
sous
50%
trop
50%
Un
50%
une
50%
ventre
50%
visage
50%
acharner
0%
âge ?
0%
Aimer
0%
Artifices,
0%
assez
0%
autour
0%
autre
0%
Avant
0%
baillons
0%
bannière
0%
baratiner
0%
bidons,
0%
ce
0%
con
0%
connement
0%
contrefaçon
0%
côté
0%
courage
0%
crever
0%
croire
0%
culpabilité
0%
détester
0%
elle
0%
entier
0%
face
0%
faillir
0%
Faire
0%
faire
0%
fard
0%
fictions
0%
fière
0%
glace
0%
honte,
0%
Hors
0%
illusions
0%
Injonctions
0%
jour
0%
lingerie
0%
lisses
0%
maquiller
0%
masque
0%
mec
0%
mensonges
0%
Moi
0%
moi
0%
monde
0%
mort
0%
mourir
0%
obsédée
0%
on
0%
paix!
0%
Par
0%
payer
0%
perfection
0%
plaire
0%
postures,
0%
pourrie
0%
prix,
0%
rallonge,
0%
raquer
0%
regrets,
0%
remords
0%
Résiliente
0%
rien
0%
ronds
0%
salades,
0%
seins
0%
semblants,
0%
soit
0%
talons,
0%
tard
0%
telle
0%
tortures,
0%
tour
0%
Tout
0%
tout
0%
toute
0%
trahir
0%
tranquille
0%
tromperies,
0%
vais
0%
Vanité
0%
vérité
0%
vice
0%
vivre
0%
Vivre
0%
voir
0%
Aucun quiz correspondant
Distribution des résultats
% des personnes avec chaque résultat
Percentile par nombre de réponses
Votre historique - résultats
Vous n’avez pas pris ce quiz